00513nam a22001457a 450000500170000001000150001702000260003203500130005803700130007124501190008426000410020327000520024430000210029650000500031720130620123336.0 aENG-107685 a9788189983581c700.00 aEN-91218 bDBAD/PUB aEducation and society /cedited and compiled by Surender Kumar, Rohtash Kumar Verma [and] Kiran Arora  aNew DelhibKhel Sahitya Kendrac2012 a7/26, Ansari Road, DaryaganjbNew Delhie110002 a280p. c23cm(Hb) aIncludes bibliographical references and index